Santa Maria la Ribera / (Record no. 13759)

MARC details
000 -LEADER
campo de control de longitud fija 00899cam a22003134a 4500
001 - NÚMERO DE CONTROL
campo de control 33184
005 - FECHA Y HORA DE LA ÚLTIMA TRANSACCIÓN
campo de control 20230410101755.0
008 - DATOS DE LONGITUD FIJA--INFORMACIÓN GENERAL
campo de control de longitud fija 981105s1998 mx a b 000 0 spa
035 ## - NÚMERO DE CONTROL DEL SISTEMA
-- (DLC) 98218119
035 ## - NÚMERO DE CONTROL DEL SISTEMA
Número de control de sistema 2153419
010 ## - NÚMERO DE CONTROL DE LA BIBLIOTECA DEL CONGRESO
Número de control de LC 98218119
020 ## - NÚMERO INTERNACIONAL ESTÁNDAR DEL LIBRO
Número Internacional Estándar del Libro 9706630090
035 ## - NÚMERO DE CONTROL DEL SISTEMA
Número de control de sistema (CRlLL)0000000446
040 ## - FUENTE DE CATALOGACIÓN
Centro catalogador/agencia de origen DLC
Centro/agencia transcriptor DLC
Centro/agencia modificador DLC
042 ## - CÓDIGO DE AUTENTICACIÓN
Código de autenticación pcc
043 ## - CÓDIGO DE ÁREA GEOGRÁFICA
Código de área geográfica n-mx---
050 14 - SIGNATURA TOPOGRÁFICA DE LA BIBLIOTECA DEL CONGRESO
Número de clasificación 112 F 1386.4
Número de ítem T277s 1998
082 00 - NÚMERO DE LA CLASIFICACIÓN DECIMAL DEWEY
Número de clasificación 972/.53
Número de edición 21
100 2# - ENTRADA PRINCIPAL--NOMBRE DE PERSONA
Nombre de persona Tello Peón, Berta E.
245 10 - MENCIÓN DEL TÍTULO
Título Santa Maria la Ribera /
Mención de responsabilidad, etc. Berta Tello Peón.
250 ## - MENCION DE EDICION
Mención de edición [1. ed.].
260 ## - PUBLICACIÓN, DISTRIBUCIÓN, ETC.
Lugar de publicación, distribución, etc. [Mexico City] :
Nombre del editor, distribuidor, etc. Clío,
Fecha de publicación, distribución, etc. [1998]
300 ## - DESCRIPCIÓN FÍSICA
Extensión 123, [9] p. :
Otras características físicas ill. (some col.) ;
Dimensiones 31 cm.
504 ## - NOTA DE BIBLIOGRAFÍA, ETC.
Nota de bibliografía, etc. Includes bibliographical references (p. [127]).
651 #0 - PUNTO DE ACCESO ADICIONAL DE MATERIA--NOMBRE GEOGRÁFICO
Nombre geográfico Santa Maria la Ribera (Mexico City, Mexico)
Subdivisión general History.
651 #0 - PUNTO DE ACCESO ADICIONAL DE MATERIA--NOMBRE GEOGRÁFICO
Nombre geográfico Mexico City (Mexico)
Subdivisión general History.
942 ## - ELEMENTOS DE ENTRADA SECUNDARIOS (KOHA)
Fuente del sistema de clasificación o colocación Clasificación de Library of Congress
Tipo de ítem Koha
922 ## -
-- ap
Holdings
Estatus retirado Estado de pérdida Fuente del sistema de clasificación o colocación Estado de daño No para préstamo Colección Biblioteca de origen Biblioteca actual Ubicación en estantería Fecha de adquisición Serial enumeration / chronology Signatura topográfica completa Código de barras Visto por última vez Copia número Tipo de ítem Koha
    Clasificación de Library of Congress     Recursos Regionales Biblioteca Juan Bosch Biblioteca Juan Bosch Recursos Regionales (2do. Piso) 10/04/2023 1 112 F 1386.4 T277s 1998 00000033304 23/10/2018 1